| 000 | 03194cam a22006134i 4500 | ||
|---|---|---|---|
| 001 | sjds646111871 | ||
| 003 | sjds | ||
| 005 | 20240626193616.0 | ||
| 008 | 101005s2011 nyuab j b 000 0beng | ||
| 010 | _a2010041738 | ||
| 020 |
_a9780448455853 _q(pbk.) |
||
| 020 |
_a0448455854 _q(pbk.) |
||
| 020 |
_a9781448794263 _q(Paw Prints) |
||
| 020 |
_a1448794269 _q(Paw Prints) |
||
| 020 |
_a9780606319249 _q(Turtleback) |
||
| 020 |
_a0606319247 _q(Turtleback) |
||
| 020 | _a9780329862800 | ||
| 020 | _a0329862804 | ||
| 040 |
_aDLC _beng _erda _cDLC _dBTCTA _dBIB _dMLY _dB@L _dCGB _dBDX _dOCLCO _dMNW _dYDXCP _dOCLCF _dOCLCO _dIBI _dIH7 _dOCLCQ _dOCLCO _dOCLCQ _dOCLCO _dOCL _dFEM _dOCLCO _dCNGUL _dIGA _dBDGCL _dSINLB _dTOP _dOCLCO _dOCL _dWYZ _dBYV _dOCLCQ _dAL5MG _dOCLCO _dGRC _dOCLCQ _dOCLCO _dVBO _dKJ6 _dOCLCQ _dCNO _dOCLCQ _dOCLCO _dCRSBY _dOCLCQ _dOCLCO _dKOTUI _dLE7 _dOCLCO _dUU4 _dLD5 _dTM8 _dOCLCO _dTL4 _dJO7 _dJZ6 _dOCLCO _dALOPL _dOCLCQ _dOCLCO _dOCL _dOCLCA _dOCLCQ _dOCLCO _dILC |
||
| 043 | _an-us--- | ||
| 050 | 0 | 0 |
_aPS3513.E2 _bZ793 2011 |
| 082 | 0 | 0 |
_a813/.52 _aB _222 |
| 092 | _aJB SEUSS | ||
| 100 | 1 | _aPascal, Janet B. | |
| 245 | 1 | 0 |
_aWho was Dr. Seuss? / _cby Janet B. Pascal ; illustrated by Nancy Harrison. |
| 246 | 3 | 0 | _aDr. Seuss. |
| 260 |
_aNew York, N.Y. : _bGrosset & Dunlap, _c[2011] |
||
| 264 | 1 |
_aNew York, N.Y. : _bGrosset & Dunlap, _c[2011] |
|
| 300 |
_a103 pages : _billustrations, maps ; _c20 cm. |
||
| 336 |
_atext _btxt _2rdacontent. |
||
| 337 |
_aunmediated _bn _2rdamedia. |
||
| 338 |
_avolume _bnc _2rdacarrier. |
||
| 490 | 1 | _aWho was ...? | |
| 504 | _aIncludes bibliographical references (page [105]). | ||
| 505 | 0 | _aWho was Dr. Seuss? -- Goofy machines -- A very fine flying cow -- Boids and beasties -- What I saw on Mulberry Street -- An elephant up a tree -- Private SNAFU -- A moose, a nerd, and the Whos -- 'The Cat in the Hat' arrives -- Grinches and turtles and sneetches -- I speak for the trees -- 'Oh, the Places You'll Go!' -- Timelines -- Bibliography. | |
| 520 | _aTed Geisel loved to doodle from the time he was a kid. He had an offbeat, fun-loving personality. He often threw dinner parties where guests wore outrageous hats! And he donned quirky hats when thinking up ideas for books like his classic The Cat in the Hat. This biography, with black-and-white illustrations throughout, brings an amazingly gifted author/illustrator to life. | ||
| 526 | 0 |
_aAccelerated Reader AR _bMG _c5.3 _d1.0 _z145570. |
|
| 526 | 0 |
_aAccelerated Reader _c5.3. |
|
| 526 | 0 |
_aAccelerated Reader AR _c5.3 _d1.0 _z145570. _5MCPL. |
|
| 526 | 0 |
_aReading Counts RC _b3-5 _c5.4 _d4 _zQuiz: 57016 _zGuided reading level: P. |
|
| 600 | 1 | 0 |
_aSeuss, _cDr. _vJuvenile literature. |
| 600 | 0 | 1 |
_aSeuss, _cDr. |
| 650 | 0 |
_aAuthors, American _y20th century _vBiography _vJuvenile literature. |
|
| 650 | 0 |
_aIllustrators _zUnited States _vBiography _vJuvenile literature. |
|
| 650 | 0 |
_aChildren's literature _xAuthorship _vJuvenile literature. |
|
| 650 | 1 | _aAuthors, American. | |
| 650 | 1 | _aIllustrators. | |
| 650 | 1 |
_aChildren's literature _xAuthorship. |
|
| 655 | 4 |
_aChildren's nonfiction. _5NZ-WeK. |
|
| 655 | 7 |
_aBiographies. _2lcgft. |
|
| 700 | 1 |
_aHarrison, Nancy, _d1963- |
|
| 830 | 0 | _aWho was-- . | |
| 942 | _cBK | ||
| 999 |
_c29912 _d29910 |
||